Foundations of parasitology (Record no. 393780)

MARC details
000 -LEADER
fixed length control field 00603 a2200241 4500
005 - DATE & TIME
control field 20260129111852.0
008 - FIXED-LENGTH DATA ELEMENTS--GENERAL INFORMATION
fixed length control field 260128b |||||||| |||| 00| 0 eng d
020 ## - ISBN
International Standard Book Number 9780071326414
Price $ 39.95
040 ## - CATALOGING SOURCE
Original cataloging agency VIVEKANANDA LIBRARY
082 ## - DDC NUMBER
Classification number 595.7
Book Number S53F(9)
100 ## - MAIN ENTRY--PERSONAL NAME
Personal name Schmidt, Gerald D
245 ## - TITLE STATEMENT
Title Foundations of parasitology
250 ## - EDITION STATEMENT
Edition statement 9th
260 ## - PUBLICATION, DISTRIBUTION, ETC. (IMPRINT)
Name of publisher, distributor, etc McGraw Hill
Date of publication, distribution, etc 2013
Place of publication, distribution, etc New York
300 ## - PHYSICAL DESCRIPTION
Pages xvii, 670
650 ## - Subject
Subject Zoology
650 ## - Subject
Subject Medical parasitology
650 ## - Subject
Subject Protozoology
700 ## - Added Entry Personal Name
Added Entry Personal Name Roberts, Larry S
700 ## - Added Entry Personal Name
Added Entry Personal Name Janovy John Jr
700 ## - Added Entry Personal Name
Added Entry Personal Name Nadler, Steve
942 ## - ADDED ENTRY ELEMENTS (KOHA)
Koha item type Books
Holdings
Withdrawn status Lost status Source of classification or shelving scheme Damaged status Not for loan Location (home branch) Sublocation or collection (holding branch) Shelving location Date acquired Koha issues (times borrowed) Koha full call number Accession No. Koha date last seen Koha item type
    Dewey Decimal Classification     VIVEKANANDA LIBRARY VIVEKANANDA LIBRARY Vivekananda Library 03/12/2025   595.7 S53F(9) 443505 03/12/2025 Books
© Designed and Maintained by Vivekananda Library, MDU Rohtak